000 01519cam a2200373 a 4500
001 8656810
003 ARRUPE
005 20150210114855.0
008 100427s2010 njua b 001 0 eng
010 _a 2010017995
015 _aGBB078418
_2bnb
016 7 _a015589178
_2Uk
020 _a9780691138664 (cloth : alk. paper)
020 _a0691138664 (cloth : alk. paper)
029 1 _aNLGGC
_b327905093
029 1 _aAU@
_b000046544431
035 _a(OCoLC)ocn587248990
035 _a(OCoLC)587248990
040 _aDLC
_cDLC
_dYDX
_dBTCTA
_dYDXCP
_dUKM
_dCDX
_dERASA
_dBWX
049 _aZCUA
050 0 0 _aP107
_b.S63 2010
082 0 0 _a401
_222
100 1 _aSoames, Scott.
_913098
245 1 0 _aPhilosophy of language /
_cScott Soames.
260 _aPrinceton, N.J. :
_bPrinceton University Press,
_cc2010.
300 _aviii, 189 p. :
_bill. ;
_c23 cm.
490 1 _aPrinceton foundations of contemporary philosophy
504 _aIncludes bibliographical references and index.
505 0 _aThe logical study of language -- Truth, interpretation, and meaning -- Meaning, modality, and possible worlds semantics -- Rigid designation, direct reference, and indexicality -- The metaphysics of meaning : propositions and possible worlds -- Apriority, aposteriority, and actuality -- The limits of meaning.
650 0 _aLanguage and languages
_xPhilosophy.
_915005
650 0 _aMeaning (Philosophy)
_93257
830 0 _aPrinceton foundations of contemporary philosophy.
_915006
942 _2lcc
_cMONOGRAPH
999 _c122010
_d122010